Statistics for Literature by Letter - Q, X, Y, and Z

Click here to take the quiz!

General Stats

  • This quiz has been taken 11,991 times
  • The average score is 13 of 20

Answer Stats

HintAnswer% Correct
QSpanish "Don" who tilted at windmillsQuixote
94%
QThe main text of IslamQuran, the
94%
QName of the hunchback of Notre DameQuasimodo
92%
QHarry Potter's favorite sportQuidditch
90%
ZThis masked swordsman of California was featured in many pulp novelsZorro
83%
ZBoris Pasternak novel that was smuggled out of (and back into) the USSRDoctor {Zhivago}
73%
YGenre abbreviated YAYoung Adult
73%
QOgden Nash quote: Candy is dandy, but liquor is _______Quicker
69%
ZGerman term meaning roughly "the spirit of the times"Zeitgeist
63%
YIrish poet who wrote these lines: "The falcon cannot hear
the falconer; Things fall apart"
W. B. Yeats
62%
YMark Twain novel: A Connecticut ______ in King Arthur's CourtYankee
60%
ZNikos Kazantzakis novel about a Greek man with a lust for life{Zorba} the Greek
58%
XColeridge line: "In ______ did Kublai Khan a stately pleasure dome decree"Xanadu
56%
YBook of stories by Dr. Seuss{Yertle} the Turtle
56%
ZThis and the art of motorcycle maintenanceZen
52%
YAlas, I knew this poor Hamlet character well. Now he is just a skull.Yorick
51%
ZNovel by Friedrich Nietzsche about an ancient Iranian prophet.
It is either very profound or complete nonsense.
Thus Spoke
{Zarathustra}
45%
QPoem or stanza consisting of four linesQuatrain
31%
ZHarlem Renaissance author who wrote "Their Eyes Were Watching God"{Zora} Neale Hurston
30%
Y"Catch-22" pilot who was afraid of dyingYossarian
24%

Score Distribution

Percentile by Number Answered

Percent of People with Each Score

Your Score History

You have not taken this quiz